|
|
|
|
| LEADER |
01589nam a2200421Ia 4500 |
| 001 |
EBC199345 |
| 003 |
MiAaPQ |
| 005 |
20200520144314.0 |
| 006 |
m o d | |
| 007 |
cr cn||||||||| |
| 008 |
040916s2005 enka fsb 001 0 eng d |
| 015 |
|
|
|a GBA476886
|2 bnb
|
| 020 |
|
|
|z 041533196X (cased) :
|
| 035 |
|
|
|a (MiAaPQ)EBC199345
|
| 035 |
|
|
|a (Au-PeEL)EBL199345
|
| 035 |
|
|
|a (CaPaEBR)ebr10162223
|
| 035 |
|
|
|a (CaONFJC)MIL15442
|
| 035 |
|
|
|a (OCoLC)60500995
|
| 040 |
|
|
|a MiAaPQ
|c MiAaPQ
|d MiAaPQ
|
| 050 |
|
4 |
|a HC427
|b .Y34 2005
|
| 082 |
0 |
4 |
|a 330.951
|2 22
|
| 100 |
1 |
|
|a Yao, Shujie.
|
| 245 |
1 |
0 |
|a Economic growth, income distribution and poverty reduction in contemporary China
|h [electronic resource] /
|c Shujie Yao.
|
| 260 |
|
|
|a London :
|b RoutledgeCurzon,
|c 2005.
|
| 300 |
|
|
|a xxiii, 271 p. :
|b ill.
|
| 490 |
1 |
|
|a RoutledgeCurzon studies on the Chinese economy ;
|v 13
|
| 504 |
|
|
|a Includes bibliographical references and index.
|
| 533 |
|
|
|a Electronic reproduction. Ann Arbor, MI : ProQuest, 2015. Available via World Wide Web. Access may be limited to ProQuest affiliated libraries.
|
| 650 |
|
0 |
|a Poverty
|z China.
|
| 650 |
|
0 |
|a Equality
|z China.
|
| 651 |
|
0 |
|a China
|x Economic conditions
|y 1949-
|
| 651 |
|
0 |
|a China
|x Economic policy
|y 1949-
|
| 651 |
|
0 |
|a China
|x Economic conditions
|y 2000-
|
| 651 |
|
0 |
|a China
|x Economic policy
|y 2000-
|
| 655 |
|
4 |
|a Electronic books.
|
| 710 |
2 |
|
|a ProQuest (Firm)
|
| 830 |
|
0 |
|a RoutledgeCurzon studies on the Chinese economy ;
|v 13.
|
| 856 |
4 |
0 |
|u https://ebookcentral.proquest.com/lib/matrademy/detail.action?docID=199345
|z Click to View
|